Statistics for Canadian Provinces and Territorries in Population Order

Click here to take the quiz!

General Stats

  • This quiz has been taken 53 times
    (22 since last reset)
  • The average score is 12 of 13

Answer Stats

Population Province % Correct
13,448,494Ontario
100%
8,164,361Quebec
100%
4,648,055British Columbia
100%
4,067,175Alberta
94%
1,278,365Manitoba
94%
1,098,352Saskatchewan
94%
35,874Yukon
94%
923,598Nova Scotia
89%
519,716Newfoundland and Labrador
89%
142,907Prince Edward Island
89%
35,944Nunavut
89%
747,101New Brunswick
83%
41,786Northwest Territorries
67%

Score Distribution

Percentile by Number Answered

Percent of People with Each Score

Your Score History

You have not taken this quiz since the last reset